01420cam a22003497a 4500003000500000005001700005008004100022010001000063011001000073035001000083040000900093090001000102100003800112245012900150260004100279300002200320502007700342590003700419590004100456590004100497590004100538590004200579650002900621901000700650905002300657942000900680949005500689949004200744999001700786952014000803952012700943CHAP20220329142426.0010116d2000 mx r 00110 spa d a83269 a84241 a94760 cCHAP aTesis00aGarcía Sánchez, Laura.94664610aCultivo de Lentinula edodes (BERK.) Pegler, empleando tres formas de obtención de inóculoc/por Laura García Sánchez aChapingo, Méx. :bEl autor,c2000. a74 h. :bgráfs. aTesis (Ing. Agr. Esp. en Fitotecnia) -- UACH. Departamento de Fitotecnia aALEPHb10c20130110lUCH01h1440 aBATCH-UPDb10c20130110lUCH01h0701 aBATCH-UPDb10c20130410lUCH01h0347 aBATCH-UPDb10c20130914lUCH01h1530 aCONVERSIONb10c20130109lUCH01h134614aLentinula edodes.966040 aBK aLilia Sánchez G. cFOLL bBCcTESd33724000808796eTS2fc.2h37835i94760si bBCcTESd947601eTS1h37834i94760sb c83269d83269 00102local4053708TESISaBCbBCcPA_TESISd2019-12-31fTESISl0oTesisp33724000808796r2019-12-31 00:00:00tc.2w2019-12-31yTESIS 00102local4051708TESISaBCbBCcPA_TESISd2019-12-31fTESISl0oTesisp947601r2019-12-31 00:00:00w2019-12-31yTESIS